[Event "Hum na Sutli op 15th"]
[Site "Hum na Sutli"]
[Date "2023.08.29"]
[Round "5"]
[White "Leakovic, Ivica"]
[Black "Novosel, Vladimir"]
[Result "1/2-1/2"]
[WhiteElo "2046"]
[BlackElo "1890"]
[PlyCount "56"]
[EventDate "2023.08.26"]
[EventType "swiss"]
[EventRounds "9"]
[EventCountry "CRO"]
[SourceTitle "EXT 2024"]
[Source "ChessBase"]
[SourceDate "2023.10.10"]
[SourceVersion "1"]
[SourceVersionDate "2023.10.10"]
[SourceQuality "1"]

1. Nf3 d5 2. b3 Nf6 3. Bb2 Nbd7 4. e3 Nb6 5. Be2 Bg4 6. c4 e6 7. 0-0 Be7 8. d4 c5 9. Nbd2 0-0 10. Rc1 Rc8 11. a3 Nbd7 12. cxd5 exd5 13. dxc5 Rxc5 14. b4 Rxc1 15. Qxc1 Nb6 16. Nb3 Qb8 17. Na5 Rc8 18. Qa1 Ne8 19. h3 Bh5 20. Rd1 Bf6 21. Bxf6 Nxf6 22. Qd4 Qc7 23. Qa1 Na4 24. Bf1 Nc3 25. Re1 Nfe4 26. Nb3 Bxf3 27. gxf3 Ng5 28. Nd4 Ne6 1/2-1/2

[Event "Hum na Sutli op 15th"]
[Site "Hum na Sutli"]
[Date "2023.08.28"]
[Round "4"]
[White "Ivancic, Ivan"]
[Black "Leakovic, Ivica"]
[Result "1/2-1/2"]
[WhiteElo "1917"]
[BlackElo "2046"]
[PlyCount "73"]
[EventDate "2023.08.26"]
[EventType "swiss"]
[EventRounds "9"]
[EventCountry "CRO"]
[SourceTitle "EXT 2024"]
[Source "ChessBase"]
[SourceDate "2023.10.10"]
[SourceVersion "1"]
[SourceVersionDate "2023.10.10"]
[SourceQuality "1"]

1. e4 d5 2. exd5 Qxd5 3. Nc3 Qd8 4. d4 Nf6 5. Nf3 Bg4 6. h3 Bh5 7. g4 Bg6 8. Ne5 Nbd7 9. Nxg6 hxg6 10. Bg2 c6 11. d5 Qc7 12. dxc6 bxc6 13. Qf3 Rc8 14. Bf4 Qa5 15. 0-0 e6 16. Rad1 Nd5 17. Ne4 Nxf4 18. Qxf4 Qc7 19. Nd6+ Bxd6 20. Rxd6 Nb8 21. Rfd1 0-0 22. c4 c5 23. b3 Qe7 24. Qe3 Rc7 25. Qd3 Qf6 26. Rd2 Rcc8 27. Qf3 Qxf3 28. Bxf3 Rfe8 29. Kg2 Kf8 30. Kg3 Ke7 31. g5 Rcd8 32. Rxd8 Rxd8 33. Rxd8 Kxd8 34. Kf4 Ke7 35. a3 a5 36. h4 Kd6 37. Ke3 1/2-1/2

[Event "Osijek-Baranja CupT 11th"]
[Site "Nasice"]
[Date "2018.02.17"]
[Round "2.2"]
[White "Ascic, Josipa"]
[Black "Leakovic, Ivica"]
[Result "0-1"]
[WhiteElo "1623"]
[BlackElo "2141"]
[PlyCount "102"]
[EventDate "2018.02.16"]
[EventType "team-swiss"]
[EventRounds "5"]
[EventCountry "CRO"]
[SourceTitle "EXT 2023"]
[Source "ChessBase"]
[SourceDate "2022.10.05"]
[SourceVersion "1"]
[SourceVersionDate "2022.10.05"]
[SourceQuality "1"]
[WhiteTeam "Djakovo III"]
[BlackTeam "Nasice Slavonac"]
[WhiteTeamCountry "CRO"]
[BlackTeamCountry "CRO"]

1. e4 c6 2. d4 d5 3. e5 Bf5 4. Nf3 e6 5. Bd3 Bg6 6. h4 Bh5 7. c3 Qb6 8. Qb3 Bxf3 9. Qxb6 axb6 10. gxf3 h5 11. f4 g6 12. Nd2 b5 13. a3 b4 14. cxb4 Bxb4 15. Rb1 Be7 16. Nf3 Nh6 17. Ke2 Na6 18. Bd2 Nc7 19. Rbc1 Nf5 20. Bxf5 exf5 21. Kd3 Ne6 22. Ng5 Bxg5 23. fxg5 Ra4 24. Bb4 Kd7 25. b3 Ra6 26. a4 Rb6 27. Kc3 Ra6 28. Kd3 Rc8 29. Rc3 b6 30. Rhc1 Raa8 31. Bd6 Nd8 32. Ba3 b5 33. Bc5 bxa4 34. bxa4 Rxa4 35. Ra3 Rxa3+ 36. Bxa3 Rb8 37. Bd6 Rb3+ 38. Rc3 Rxc3+ 39. Kxc3 Ne6 40. Kd3 Kc8 41. Ba3 Kb7 42. Bc1 Kb6 43. Kc3 Kb5 44. f3 c5 45. dxc5 d4+ 46. Kd3 Kxc5 47. Bd2 Kd5 48. f4 Nc5+ 49. Ke2 Ke4 50. Bb4 Nd3 51. Bd2 Nxf4+ 0-1

[Event "Vukovar Srijem CupT 6th"]
[Site "Tompojevci"]
[Date "2013.03.10"]
[Round "4.3"]
[White "Patarcic, Domagoj"]
[Black "Leakovic, Ivica"]
[Result "0-1"]
[WhiteElo "2076"]
[BlackElo "2140"]
[PlyCount "110"]
[EventDate "2013.03.08"]
[EventType "team-swiss"]
[EventRounds "5"]
[EventCountry "CRO"]
[SourceTitle "EXT 2014"]
[Source "ChessBase"]
[SourceDate "2013.11.20"]
[SourceVersion "1"]
[SourceVersionDate "2013.11.20"]
[SourceQuality "1"]
[WhiteTeam "Sladorana Zupanja"]
[BlackTeam "Bosnjaci"]
[WhiteTeamCountry "CRO"]
[BlackTeamCountry "CRO"]

1. d4 e6 2. e4 d5 3. Nc3 Nf6 4. Bg5 Be7 5. Bxf6 Bxf6 6. e5 Be7 7. Qg4 g6 8. Bd3 c5 9. dxc5 Nc6 10. Nf3 Bxc5 11. 0-0 a6 12. h4 Bf8 13. Rfe1 Bg7 14. a3 Qc7 15. Qg3 b5 16. h5 Rb8 17. Na2 Ne7 18. Nd4 0-0 19. c3 Nf5 20. Nxf5 exf5 21. Nb4 Qb7 22. Rad1 Be6 23. Nc2 Qe7 24. Nd4 Qd7 25. Bb1 Rfd8 26. Rd3 Qe8 27. Rf3 Kh8 28. Qh2 Rb6 29. Rh3 Kg8 30. hxg6 hxg6 31. f4 a5 32. Kf2 b4 33. Bc2 f6 34. Rh7 fxe5 35. Rh1 exd4 36. Rh8+ Kf7 37. Rxe8 Rxe8 38. axb4 dxc3 39. bxc3 axb4 40. Ra1 Rb7 41. Rb1 Rc8 42. Qh1 Rxc3 43. Qd1 Bf6 44. g4 fxg4 45. f5 gxf5 46. Bb3 Rf3+ 47. Kg2 Kg6 48. Qe1 Bf7 49. Bd1 Rc3 50. Ra1 d4 51. Ra6 Bd5+ 52. Kg1 Rh7 53. Qe5 Rh1+ 54. Kf2 g3+ 55. Ke2 Re3+ 0-1

[Event "CRO Cup 21st"]
[Site "Sibenik"]
[Date "2012.05.18"]
[Round "4.122"]
[White "Leakovic, Ivica"]
[Black "Cupic, Lovro"]
[Result "0-1"]
[WhiteElo "2166"]
[BlackElo "2085"]
[PlyCount "30"]
[EventDate "2012.05.16"]
[EventType "team-swiss"]
[EventRounds "6"]
[EventCountry "CRO"]
[SourceTitle "CBM 148 Extra"]
[Source "ChessBase"]
[SourceDate "2012.06.22"]
[SourceVersion "1"]
[SourceVersionDate "2012.06.22"]
[SourceQuality "1"]
[WhiteTeam "Bosnjaci"]
[BlackTeam "Zagreb Dalekovod"]
[WhiteTeamCountry "CRO"]
[BlackTeamCountry "CRO"]

1. e4 e5 2. Nf3 Nc6 3. Bb5 Nf6 4. d3 Bc5 5. h3 0-0 6. Bg5 Ne7 7. c3 c6 8. Ba4 Ng6 9. 0-0 h6 10. Bd2 d5 11. Qe2 Nh5 12. exd5 Ng3 13. Qe1 Nxf1 14. Kxf1 Qxd5 15. Qe2 Bf5 0-1

[Event "CRO Cup 21st"]
[Site "Sibenik"]
[Date "2012.05.17"]
[Round "3.113"]
[White "Dzaja, Martin Zorislav"]
[Black "Leakovic, Ivica"]
[Result "1-0"]
[WhiteElo "1919"]
[BlackElo "2166"]
[PlyCount "153"]
[EventDate "2012.05.16"]
[EventType "team-swiss"]
[EventRounds "6"]
[EventCountry "CRO"]
[SourceTitle "CBM 148 Extra"]
[Source "ChessBase"]
[SourceDate "2012.06.22"]
[SourceVersion "1"]
[SourceVersionDate "2012.06.22"]
[SourceQuality "1"]
[WhiteTeam "Split Mornar"]
[BlackTeam "Bosnjaci"]
[WhiteTeamCountry "CRO"]
[BlackTeamCountry "CRO"]

1. e4 c6 2. d4 d6 3. Nc3 Nd7 4. Nf3 Ngf6 5. a4 e5 6. Bc4 h6 7. Ba2 Be7 8. 0-0 0-0 9. Re1 Qc7 10. Qd3 Nh7 11. Ne2 Ndf6 12. c3 Rd8 13. Ng3 Ne8 14. Qc4 Be6 15. d5 cxd5 16. exd5 Qxc4 17. Bxc4 Bd7 18. Bb5 Bc8 19. Bd3 Nhf6 20. c4 Bf8 21. a5 Nc7 22. b4 g6 23. Nd2 Bg7 24. Rb1 Nfe8 25. f3 f5 26. Nb3 Kh7 27. Ne2 Bd7 28. Be3 Rdc8 29. Rec1 Na6 30. Nd2 Bf8 31. Nc3 Nf6 32. Bc2 h5 33. Ba4 Bh6 34. Bxh6 Kxh6 35. Bxd7 Nxd7 36. Nb5 Nf6 37. Nxd6 Rc7 38. Re1 b6 39. axb6 axb6 40. Rxe5 Nb8 41. Nb5 Rf7 42. Nb3 Ra4 43. N3d4 Ra2 44. Re2 Ra4 45. d6 Nbd7 46. Nc6 Rf8 47. Rc1 Rfa8 48. c5 bxc5 49. bxc5 Nd5 50. Ne7 Nf4 51. Rd2 Ra1 52. Rxa1 Rxa1+ 53. Kf2 Nxc5 54. g3 Nfe6 55. d7 Nd8 56. Rd6 Nce6 57. Nd4 Ra2+ 58. Ke3 Ra3+ 59. Ke2 Nxd4+ 60. Rxd4 Ra6 61. Kf2 Re6 62. Nc8 Kg7 63. Rd6 Kf6 64. Rxe6+ Kxe6 65. Nb6 Kd6 66. Ke3 Kc7 67. Nc4 Nf7 68. Kf4 Kxd7 69. Ne5+ Nxe5 70. Kxe5 Ke7 71. h4 Kf7 72. Kd6 Kf6 73. f4 Kf7 74. Kd7 Kg7 75. Ke7 Kh6 76. Kf6 Kh7 77. Kf7 1-0

[Event "CRO Cup 21st"]
[Site "Sibenik"]
[Date "2012.05.17"]
[Round "2.123"]
[White "Leakovic, Ivica"]
[Black "Galic, Kruno"]
[Result "1-0"]
[WhiteElo "2166"]
[BlackElo "2107"]
[PlyCount "149"]
[EventDate "2012.05.16"]
[EventType "team-swiss"]
[EventRounds "6"]
[EventCountry "CRO"]
[SourceTitle "CBM 148 Extra"]
[Source "ChessBase"]
[SourceDate "2012.06.22"]
[SourceVersion "1"]
[SourceVersionDate "2012.06.22"]
[SourceQuality "1"]
[WhiteTeam "Bosnjaci"]
[BlackTeam "Sisak"]
[WhiteTeamCountry "CRO"]
[BlackTeamCountry "CRO"]

1. Nf3 Nf6 2. g3 g6 3. Bg2 Bg7 4. 0-0 0-0 5. d3 d5 6. Qe1 Nc6 7. c3 e5 8. e4 h6 9. Qe2 Be6 10. Rd1 Qd7 11. Be3 Rad8 12. Na3 Qc8 13. Qc2 Rfe8 14. c4 d4 15. Bd2 Nd7 16. Nh4 Ne7 17. Bb4 c5 18. Bd2 Nb8 19. b4 cxb4 20. Bxb4 Nbc6 21. Bd2 Qd7 22. Rab1 g5 23. Nf3 Ng6 24. Rb3 f5 25. exf5 Bxf5 26. Ne1 Bf8 27. Rdb1 b6 28. Nb5 a6 29. Na3 Bc5 30. Rxb6 Bxb6 31. Rxb6 Nge7 32. Rxa6 Ra8 33. Rxa8 Rxa8 34. Nb5 Rf8 35. Bc1 Rf6 36. Ba3 Nc8 37. Qe2 Qg7 38. Bc5 Kh7 39. g4 Bg6 40. h3 N8e7 41. Nd6 Qh8 42. Nf3 Qb8 43. Ne4 Rf4 44. Nfd2 Qc7 45. Bd6 Qd7 46. c5 Bf7 47. Nf3 Ng6 48. Qb2 Kg7 49. Qb6 Bd5 50. Nfd2 Qe6 51. a4 Rf7 52. Bf1 Ra7 53. Ng3 Rxa4 54. Nf5+ Kh7 55. Bg2 Ra7 56. Bxd5 Qxd5 57. Ne4 Rf7 58. Qa6 Nh4 59. Nxh4 gxh4 60. Qb6 Kg7 61. Qb2 Ra7 62. Bb8 Rf7 63. Bd6 Ra7 64. Bb8 Rf7 65. Bd6 Ra7 66. g5 Rf7 67. gxh6+ Kxh6 68. Qd2+ Kg7 69. Qg5+ Kh7 70. Qxh4+ Kg7 71. Qg5+ Kh7 72. Nf6+ Rxf6 73. Qxf6 Qb3 74. Qf5+ Kg8 75. Qc8+ 1-0

[Event "CRO Cup 21st"]
[Site "Sibenik"]
[Date "2012.05.16"]
[Round "1.133"]
[White "Susak, Zeljko"]
[Black "Leakovic, Ivica"]
[Result "1-0"]
[WhiteElo "2184"]
[BlackElo "2166"]
[PlyCount "59"]
[EventDate "2012.05.16"]
[EventType "team-swiss"]
[EventRounds "6"]
[EventCountry "CRO"]
[SourceTitle "CBM 148 Extra"]
[Source "ChessBase"]
[SourceDate "2012.06.22"]
[SourceVersion "1"]
[SourceVersionDate "2012.06.22"]
[SourceQuality "1"]
[WhiteTeam "Split Brda"]
[BlackTeam "Bosnjaci"]
[WhiteTeamCountry "CRO"]
[BlackTeamCountry "CRO"]

1. e4 e6 2. d4 d5 3. e5 c5 4. Nf3 Nc6 5. Bd3 cxd4 6. 0-0 Bc5 7. a3 a6 8. Re1 Nge7 9. Bf4 Ng6 10. Bg3 a5 11. Nbd2 a4 12. h4 Nge7 13. b4 axb3 14. Nxb3 Bxa3 15. Nfxd4 Nxd4 16. Nxd4 Bd7 17. Qg4 g6 18. h5 Bc5 19. Nb3 Rc8 20. Bh4 Qc7 21. Bf6 Rg8 22. Qg5 Qb6 23. Nxc5 Qxc5 24. Qh6 Nf5 25. Qxh7 Qf8 26. Ra7 gxh5 27. Bxf5 exf5 28. e6 fxe6 29. Rxb7 Qf7 30. Rxd7 1-0

[Event "Zupanja op-B 15th"]
[Site "Zupanja"]
[Date "2009.04.11"]
[Round "2"]
[White "Leakovic, Ivica"]
[Black "Srebrnic, Ana"]
[Result "1/2-1/2"]
[WhiteElo "2134"]
[BlackElo "2283"]
[PlyCount "33"]
[EventDate "2009.04.10"]
[EventType "swiss"]
[EventRounds "9"]
[EventCountry "CRO"]
[SourceTitle "CBM 129 Extra"]
[Source "ChessBase"]
[SourceDate "2009.05.05"]
[SourceVersion "2"]
[SourceVersionDate "2009.05.20"]
[SourceQuality "1"]

1. d4 d6 2. c4 Nf6 3. Nc3 g6 4. e4 Bg7 5. f3 0-0 6. Be3 e5 7. Nge2 Nbd7 8. d5 Ne8 9. Qd2 f5 10. g3 f4 11. gxf4 exf4 12. Bf2 Ne5 13. Nd4 Kh8 14. Be2 Bd7 15. 0-0-0 a6 16. h4 h6 17. a3 1/2-1/2

[Event "Treber Memorial 4th"]
[Site "Vinkovci"]
[Date "2007.03.04"]
[Round "5.7"]
[White "Leakovic, Ivica"]
[Black "Mrgan, Franjo"]
[Result "1-0"]
[WhiteElo "2210"]
[BlackElo "2008"]
[PlyCount "95"]
[EventDate "2007.03.02"]
[EventType "swiss"]
[EventRounds "7"]
[EventCountry "CRO"]
[SourceTitle "CBM 117 Extra"]
[Source "ChessBase"]
[SourceDate "2007.05.09"]
[SourceVersion "1"]
[SourceVersionDate "2007.05.09"]
[SourceQuality "1"]

1. e4 Nf6 2. Qe2 e5 3. d3 Bc5 4. Be3 Qe7 5. Nc3 Bb4 6. Bd2 Nc6 7. Nf3 d6 8. h3 h6 9. g3 Be6 10. Bg2 Nd4 11. Nxd4 exd4 12. Nb1 Bc5 13. a4 a5 14. 0-0 Nd7 15. Na3 Nb6 16. Nb1 Qd7 17. Kh2 0-0 18. b3 d5 19. e5 f5 20. f4 Nc8 21. Be1 Rb8 22. Bxa5 b5 23. Be1 b4 24. Nd2 Kh7 25. Nf3 Qc6 26. Bf2 Qb6 27. Bg1 Ne7 28. Qd2 Ng6 29. Rae1 Nh8 30. Qe2 Nf7 31. h4 Rh8 32. h5 Rbe8 33. Bh3 Rhf8 34. Nh4 Nh8 35. Nf3 Nf7 36. Nh4 Nh8 37. g4 Be7 38. Nxf5 Bxf5 39. gxf5 Bh4 40. Bf2 Bxf2 41. Rxf2 c5 42. Rg1 Qd8 43. Qg4 Rg8 44. f6 g6 45. f7 Nxf7 46. hxg6+ Kg7 47. gxf7+ Kxf7 48. Qf5+ 1-0

[Event "Treber Memorial 4th"]
[Site "Vinkovci"]
[Date "2007.03.03"]
[Round "3.4"]
[White "Leakovic, Ivica"]
[Black "Cebalo, Miso"]
[Result "0-1"]
[WhiteElo "2210"]
[BlackElo "2471"]
[PlyCount "32"]
[EventDate "2007.03.02"]
[EventType "swiss"]
[EventRounds "7"]
[EventCountry "CRO"]
[SourceTitle "CBM 117 Extra"]
[Source "ChessBase"]
[SourceDate "2007.05.09"]
[SourceVersion "1"]
[SourceVersionDate "2007.05.09"]
[SourceQuality "1"]

1. e4 c5 2. Nf3 d6 3. d4 cxd4 4. Nxd4 Nf6 5. Nc3 g6 6. f3 Bg7 7. Be3 0-0 8. g4 Nc6 9. h4 Qb6 10. Qd2 Nxg4 11. Na4 Nxd4 12. Nxb6 Nxf3+ 13. Ke2 Nxd2 14. Nxa8 Nxe3 15. Kxd2 Bh6 16. Bd3 Bg4 0-1

[Event "CRO-chT2 East"]
[Site "Croatia"]
[Date "2005.03.19"]
[Round "3.6"]
[White "Leakovic, Ivica"]
[Black "Dabo Peranic, Robert"]
[Result "0-1"]
[WhiteElo "2217"]
[BlackElo "2265"]
[PlyCount "82"]
[EventDate "2005.03.19"]
[EventType "team"]
[EventRounds "11"]
[EventCountry "CRO"]
[SourceTitle "EXT 2007"]
[Source "ChessBase"]
[SourceDate "2006.11.23"]
[SourceVersion "1"]
[SourceVersionDate "2006.11.23"]
[SourceQuality "1"]
[WhiteTeam "Zupanja"]
[BlackTeam "Slavonski Brod"]
[WhiteTeamCountry "CRO"]
[BlackTeamCountry "CRO"]

1. d4 d5 2. c4 c6 3. Nc3 dxc4 4. a4 e5 5. d5 Bb4 6. Bd2 Nf6 7. dxc6 Nxc6 8. e3 Be6 9. Qc2 Qa5 10. Nf3 0-0-0 11. Ng5 Bd5 12. f3 h6 13. Nge4 Nxe4 14. fxe4 Be6 15. 0-0-0 Qc5 16. Kb1 Na5 17. Be2 Rd6 18. Bc1 Rhd8 19. Nd5 Bxd5 20. exd5 g6 21. e4 h5 22. Rhf1 f6 23. Rf3 a6 24. Rdf1 b5 25. Be3 Qc7 26. Rxf6 Nb3 27. g4 h4 28. g5 Bc5 29. Rf7 Qb6 30. Qxb3 Bxe3 31. Qc3 Bd4 32. Qc2 Kb8 33. Bg4 bxa4 34. Rd1 a3 35. Rd2 c3 36. Rxd4 exd4 37. e5 Rxd5 38. e6 Rb5 39. Qe4 c2+ 40. Kxc2 d3+ 41. Kb1 Rxb2+ 0-1

[Event "CRO Cup"]
[Site "Rabac"]
[Date "2003.05.29"]
[Round "4"]
[White "Matijevic, Hrvoje"]
[Black "Leakovic, Ivica"]
[Result "1/2-1/2"]
[WhiteElo "2231"]
[BlackElo "2140"]
[PlyCount "20"]
[EventDate "2003.05.26"]
[EventType "team"]
[EventRounds "5"]
[EventCountry "CRO"]
[SourceTitle "CBM 094 Extra"]
[Source "ChessBase"]
[SourceDate "2003.07.09"]
[SourceVersion "2"]
[SourceVersionDate "2003.07.09"]
[SourceQuality "1"]

1. e4 e5 2. Nf3 Nc6 3. Bb5 d6 4. d4 exd4 5. Nxd4 Bd7 6. Nc3 Nf6 7. 0-0 Be7 8. h3 0-0 9. Be3 Nxd4 10. Qxd4 Be6 1/2-1/2

[Event "CRO Cup"]
[Site "Rabac"]
[Date "2003.05.26"]
[Round "1"]
[White "Leakovic, Ivica"]
[Black "Kovacevic, Vlatko"]
[Result "0-1"]
[WhiteElo "2140"]
[BlackElo "2498"]
[PlyCount "40"]
[EventDate "2003.05.26"]
[EventType "team"]
[EventRounds "5"]
[EventCountry "CRO"]
[SourceTitle "CBM 094 Extra"]
[Source "ChessBase"]
[SourceDate "2003.07.09"]
[SourceVersion "2"]
[SourceVersionDate "2003.07.09"]
[SourceQuality "1"]

1. d4 e6 2. Nf3 d5 3. Bf4 c5 4. c3 Nc6 5. e3 Bd6 6. Bxd6 Qxd6 7. Bb5 Nge7 8. Nbd2 0-0 9. 0-0 e5 10. dxe5 Nxe5 11. Be2 b6 12. c4 Bb7 13. Qc2 N7g6 14. Rad1 Qe6 15. Qc3 d4 16. Qb3 Rad8 17. exd4 Nf4 18. dxe5 Qg4 19. Ne1 Nxe2+ 20. Kh1 Nd4 0-1

[Event "Bosnjaci op 7th"]
[Site "Bosnjaci"]
[Date "2001.01.05"]
[Round "3"]
[White "Ljubic, Juro"]
[Black "Leakovic, Ivica"]
[Result "1-0"]
[WhiteElo "2252"]
[BlackElo "2082"]
[PlyCount "73"]
[EventDate "2001.01.03"]
[EventType "swiss"]
[EventRounds "7"]
[EventCountry "CRO"]
[SourceTitle "CBM 080 Extra"]
[Source "ChessBase"]
[SourceDate "2001.03.08"]
[SourceVersion "1"]
[SourceVersionDate "2001.03.08"]
[SourceQuality "1"]

1. e4 d6 2. d4 Nf6 3. Nc3 g6 4. Bg5 Bg7 5. Qd2 Nbd7 6. f4 c5 7. Nf3 cxd4 8. Nxd4 0-0 9. Be2 a6 10. 0-0-0 Qc7 11. Bf3 Rb8 12. h4 h6 13. Bxf6 Nxf6 14. h5 e5 15. Nde2 Nxh5 16. Bxh5 gxh5 17. f5 Rd8 18. Rxh5 f6 19. Nd5 Qc4 20. Nec3 b5 21. b3 Qc5 22. Rxh6 b4 23. Ne2 Bb7 24. Rg6 Bxd5 25. Qxd5+ Qxd5 26. Rxd5 Rbc8 27. Kb2 Rc5 28. c4 Rxd5 29. exd5 Kf7 30. Ng3 a5 31. Ne4 Rd7 32. a4 Rd8 33. Kc2 Rd7 34. g4 Bh8 35. Kd3 Bg7 36. g5 fxg5 37. Nxg5+ 1-0